000 01451nam0a2200337 4500
001 RU\NLR\bibl\553309
005 20260405113846.0
010 _a5-89522-083-5
_91000
035 _a(NLR Aleph) 000545470
090 _a1439475
_c1439475
100 _a20040916d2000 |||y0rusy50 ca
101 0 _arus
102 _aRU
105 _aa |||||||||
200 1 _aРусские народные праздники
_e(Теория и история)
_fГ.П. Блинова
210 _aМ.
_cВуз. кн.
_d2000
215 _a164 с.
_cил., портр.
_d20
300 _aНа 162-й с. авт.: Блинова Г.П., к.филос.н., доц.
320 _aБиблиогр.: с. 154-155 и в подстроч. прим.
606 0 _aПрикладное искусство русское
_91237278
_3RU\NLR\auth\66505139
606 0 _aПраздники русские
_jРуководства, пособия и т.п.
_91975377
_3RU\NLR\auth\66905584
606 0 _aПраздники русские
_jУчебные издания
_91975377
_3RU\NLR\auth\66905584
686 _aЩ123(2Р=Рус)
686 _aТ52(2=Р)-524.1я7
700 1 _4070
_8rus
_7ca
_aБлинова
_bГ. П.
_cканд. филос. наук
_gГалина Павловна
_3RU\NLR\auth\7744492
_927432
801 0 _aRU
_bNLR
_c20040916
_gPSBO
801 1 _aRU
_bNLR
_c20040916
830 _aАвт. по кн.
942 _cBOOK
980 _aNB